000 00416nam a2200157Ia 4500
001 59860
008 160527n ii |||gr||||Z||||||hin
082 _a891.43309
100 _aBasotiya,
_eHiralal .
245 0 _aNirala Sahitya Ka Anusilon
_cHiralal Basotiya
_hTextual Documents
260 _aKanpur:
_bSahitya Sangsthan.
300 _c23cm.
653 _aHindi Literature
653 _aG - Hindi
942 _2ddc
_cBK
999 _c59735
_d59735